| 000 | 00468nam a2200193 a 4500 | ||
|---|---|---|---|
| 001 | 2915 | ||
| 003 | CDMR | ||
| 005 | 20131002172428.0 | ||
| 008 | 130130s1974||||||||||||||||||||||||||||d | ||
| 020 | _a8425208033 | ||
| 040 |
_aCDMR _bcat _cCDMR |
||
| 100 | 1 |
_aBerger, J. _92141 |
|
| 245 | 1 | 0 | _aModos de ver |
| 260 |
_aBarcelona _c1974 _bGustavo Gili |
||
| 300 | _a177 p. | ||
| 490 | 0 | _aComunicación Visual (GG) | |
| 650 | 0 | 4 |
_93737 _aComunicació visual |
| 942 |
_cMON _2udc |
||
| 999 |
_c2915 _d2915 |
||